00356 a2200109 4500001001000000005001700010008004100027245008100068100002400149773005600173999001700229ART_4106820260410161754.0260409a 10aAlcances de la ley del arrepentido en materia penal tributaria y previsional1 aSequeira, Marcos A.0 tDoctrina tributariag- NÂș 443 (feb. 2017)wREV4296 c19951d19951